[Event "Moscow Aeroflot op-A"]
[Site "Moscow"]
[Date "2006.02.13"]
[Round "6"]
[White "Shchekachev, Andrei"]
[Black "Khalifman, Alexander"]
[Result "1/2-1/2"]
[WhiteElo "2570"]
[BlackElo "2660"]
[Annotator "Roiz,M"]
[PlyCount "45"]
[EventDate "2006.02.08"]
[EventType "swiss"]
[EventRounds "9"]
[EventCountry "RUS"]
[SourceTitle "CBM 112"]
[Source "ChessBase"]
[SourceDate "2006.06.07"]
[SourceVersion "1"]
[SourceVersionDate "2006.06.07"]
[SourceQuality "1"]

1. Nf3 Nf6 2. c4 g6 3. Nc3 d5 4. Qa4+ Bd7 5. Qb3 dxc4 6. Qxc4 a6 {A favourite
move of Svidler.} 7. e4 {That is the most principal continuation.} ({As the
practice shows, White doesn't achieve anything special after} 7. g3) ({Or} 7.
d4) 7... b5 8. Qe2 c5 ({Another sharp line starts with} 8... b4 9. e5) 9. e5
Nh5 10. Qe3 $6 {This move is the last 'word of theory'. It was successfully
tried by Viktor Lvovich against Mark Tseitlin in 2005 and brought him a
convincing victory. However, as the following game shows, Black has a clear
way of refuting White's slow strategy!} ({In the first game in this line
Svidler has got a normal position after} 10. Ne4 Nc6 11. Nxc5 Bf5 12. d3 e6 13.
Ne4 Bb4+ 14. Bd2 Nf4 15. Qe3 Nd5 16. Qh6 Bf8 17. Nd6+ Qxd6 18. exd6 Bxh6 19.
Bxh6 f6 $11 {1-0 Gelfand,B-Svidler,P/Haifa 2000/CBM 074 ext (54)}) ({Deserves
a serious attention:} 10. d4 $5 Nc6 (10... cxd4 11. Nxd4 Nc6 12. Nxc6 Bxc6 13.
Be3 $14) 11. d5 Nd4 12. Nxd4 cxd4 13. Ne4 Bg7 14. g4 d3 15. Qf3 f5 16. Ng5 h6
$2 (16... Bxe5 17. gxh5 Bxb2 18. Bxb2 Qa5+ 19. Kd1 Qa4+ 20. Kd2 Qc2+ 21. Ke3
Qxb2 $132) 17. e6 hxg5 18. exd7+ Qxd7 19. gxh5 Rxh5 20. Qxd3 $18 {1-0 Zugic,
I-Tyomkin,D/Toronto 2004/CBM 102 ext (49)}) 10... Nc6 $1 $146 {[%mdl 8] This
natural novelty shows the drawback of White's last move! Now it's not easy for
White to complete his development.} (10... Bc6 11. Be2 Qb6 $6 ({Better was} 
11... Ng7 12. Qxc5 Ne6 13. Qe3 h5 {[%cal Gf8h6] with a reasonable compensation
for the pawn.}) 12. d4 $1 cxd4 13. Nxd4 Bxg2 $2 14. Rg1 Bb7 15. Bxh5 gxh5 16.
e6 $18 {1-0 Kortschnoj,V-Tseitlin,M/Beersheba 2004/CBM 101/[Postny] (26)}) 11.
Bd3 ({After} 11. Qxc5 $2 e6 12. Qe3 Nb4 13. Kd1 Bc6 $17 {Black gets a
dangerous initiative, while the Kd1 is sticked in the centre for a long time.
In that case White's extra pawn is not significant at all!}) ({Wrong would be
also:} 11. Ne4 $2 c4 12. d3 Nb4 13. Nd4 (13. Qd2 Qa5 14. Nc3 Rd8 $17) 13... Qb6
$17) 11... Bg7 12. O-O O-O {The only drawback of Black's position is the ugly
statement of the Nh5. On the other hand, White has serious problems with
protecting the Pe5 and with developing the Bc1.} 13. h3 {It's necessary to
prevent the unpleasant threat of Bd7-g4, as Nf3 is the only defender of Pe5!} (
{Once again it would be bad to take the pawn:} 13. Qxc5 $2 Rc8 14. Qe3 Bg4 15.
Be2 b4 16. Na4 Bxf3 17. Bxf3 Nxe5 18. Bxh5 gxh5 $17) 13... Nd4 $1 {The best
decision - it's important to develop a serious initiative before White could
consolidate.} ({Nothing promised:} 13... c4 $6 14. Be4 b4 15. Ne2 {[%csl Rh5]
and Black remains with an ugly Nh5.}) 14. Be4 ({The pawn was poisoned:} 14.
Nxd4 $2 cxd4 15. Qxd4 Bc6 16. Qe3 Bxg2 $1 $17 17. Kxg2 $140 Qxd3) 14... Rc8 15.
Nxd4 {Now this tackle is necessary - as White cannot do with a statement of
Nd4 anymore.} cxd4 16. Qxd4 Rc4 {In my opinion Black shouldn't hurry with
winning the pawn back, as it allows White to complete his development.} ({
It deserved serious attention:} 16... Be6 $5 17. Qxd8 Rcxd8 $1 18. f4 (18. g4
f5 19. exf6 Nxf6 $36) 18... b4 19. Ne2 Bc4 20. d3 Bxd3 21. Bxd3 Rxd3 $15) 17.
Qe3 Bxe5 {Now Black's pawn structure looks better, but his pieces are
misplaced.} 18. b3 ({White could also choose:} 18. d3 Bd4 19. Qf3 Rc7 20. Be3
$11 {with an easy equalization.}) 18... Rc8 (18... Rc7 $6 19. d4 Bg7 20. Nd5 {
[%cal Od5c7,Gc1a3] could be dangerous for Black.}) 19. Bb7 $1 {An important
move which forces Black's bishop to leave the long diagonal.} Bf4 20. Qe2 Rb8
21. Bf3 Nf6 22. Bb2 $2 {A very strange move - White doesn't want to advance
his 'd' pawn at all!} ({At the same time there was nothing wrong with the most
natural:} 22. d4 Bxc1 23. Rfxc1 Be6 24. Qe5 $11 {and White's active pieces
fully compensate some weakness of the Pd4.}) 22... b4 $1 {Now Black is on top
again!} 23. Ne4 {Here the draw was agreed. It looks like Alexander had no
special ambitions in this game, as in the final position he had a serious
advantage:} (23. Ne4 Bb5 24. Nxf6+ exf6 25. Qe4 Qd6 26. Rfd1 (26. Rfe1 Rfe8 27.
Qd5 Qxd5 28. Bxd5 Red8 $17) 26... Bd3 27. Qd4 Bh2+ 28. Kh1 Qxd4 29. Bxd4 Be5
$17) 1/2-1/2

[Event "EU-Cup 22nd"]
[Site "Fuegen"]
[Date "2006.10.14"]
[Round "7.5"]
[White "Inarkiev, Ernesto"]
[Black "Khalifman, Alexander"]
[Result "1-0"]
[WhiteElo "2628"]
[BlackElo "2622"]
[Annotator "Krasenkow,M"]
[PlyCount "127"]
[EventDate "2006.10.08"]
[EventType "team-swiss"]
[EventRounds "7"]
[EventCountry "AUT"]
[SourceTitle "CBM 115"]
[Source "ChessBase"]
[SourceDate "2006.11.15"]
[SourceVersion "1"]
[SourceVersionDate "2006.11.15"]
[SourceQuality "1"]
[WhiteTeam "Tomsk 400"]
[BlackTeam "Cheboksary"]
[WhiteTeamCountry "RUS"]
[BlackTeamCountry "RUS"]

1. d4 Nf6 2. c4 e6 3. Nc3 Bb4 4. Nf3 d5 5. cxd5 exd5 6. Bg5 Qd6 {[%cal Rf6e4]
A rare, poorly explored line. In my opinion, d6 is not the best square for the
queen.} 7. Nd2 c6 8. Qc2 {Preventing 8...Bf5} h6 (8... O-O 9. e3 Re8 10. Bd3
Nbd7 11. O-O Nf8 12. a3 Ba5 13. b4 Bd8 (13... Bc7 14. Bf4 Qd8 15. Bxc7 Qxc7 16.
Rfc1 a6 17. Na4 g6 18. Nc5 Ng4 19. Nf3 Ne6 20. h3 Nxc5 21. Qxc5 Nf6 22. Ne5 Qe7
23. Qxe7 Rxe7 24. a4 $14 {1-0 Averbakh,Y-Kluger,G/Kislovodsk 1964/EXT 98 (56)})
14. Rac1 (14. Bf4 $142 Qe7 15. h3) 14... a5 15. Bf4 Qe7 16. Rb1 Ng6 17. Bg3 Nh5
$13 {0-1 Labollita,M-Liascovich,L/Buenos Aires 2004/EXT 2005 (60)}) 9. Nb5 $146
{After this move Black has an unpleasant choice: to have his kingside pawns
doubled or to yield White a bishop pair. He opts for the latter - rightly!} (9.
Bh4 Qf4 10. Nf3 Qf5 11. Qb3 Bd6 12. e3 O-O 13. Rd1 Nbd7 14. Bd3 Qe6 15. O-O Nb6
16. Rfe1 Ne4 17. a4 f5 18. Bg3 Bxg3 $2 (18... Nxg3 $142 $13) 19. hxg3 $16 {
1-0 Malich,B-Mititelu,G/Decin 1975/EXT 2001 (37)}) 9... Bxd2+ (9... Qe7 10.
Bxf6 gxf6 11. Nc3 $14 {[%csl Rf6,Rf7]}) 10. Bxd2 Qe7 11. Nc3 O-O 12. e3 {
With a standard plan Bd3, 0-0, f3,e4. Black should disrupt it using his
development advantage.} c5 $1 13. Ne2 $6 {This pretentious move can't be good
but otherwise Black reaches equality:} (13. dxc5 Nc6 (13... d4 $143 14. Nb5
dxe3 15. Bxe3 {and White keeps an extra pawn}) 14. Be2 Qxc5 $11 {[%cal Yd5d4]})
13... Ne4 (13... c4 $5 14. Ng3 h5 15. Be2 h4 (15... g6 $5) 16. Nf5 Bxf5 17.
Qxf5 Nc6 $13) 14. dxc5 Nc6 15. Ng3 Nxd2 16. Qxd2 Qxc5 (16... d4 17. Rc1 Be6 $44
{was quite possible, too but Black is already fighting for an advantage.}) 17.
Bd3 d4 18. e4 {A typical pawn structure has arisen. The main question is now
about White's blockade on d3. If Black manages to lift it, his d4 pawn can
become dangerous.} Be6 19. O-O Ne5 20. Rfc1 Qb6 21. Bf1 $6 {White voluntarily
lets the d4 pawn forward.} (21. b3 Rac8 22. Nf5 $5 Bxf5 23. exf5 Rfd8 $15 {
[%cal Rc8c3]}) (21. Nf5 $5) 21... d3 22. h3 Rfd8 {[%cal Re5c4]} (22... Bxh3 $2
23. Qc3 Ng4 24. Qd2 $11) 23. b3 $2 {An oversight but it is not easy to offer
something instead.} (23. Nf5 Bxf5 (23... Nc4 $2 24. Rxc4 Bxc4 25. Qc3) 24. exf5
$17) 23... Rac8 $2 {Missing} (23... Bxh3 $1 24. Qc3 (24. Qf4 d2 25. Rd1 Ng6 $19
) 24... Qf6 $3 25. gxh3 (25. Qd2 Rac8 26. f4 Rc2 $1 $19) 25... d2 26. Rd1 Nf3+
$19 {- the point!}) 24. Kh2 Ng6 $6 {Going on the wrong way.} (24... g5 $1 {
, strengthening the e5 knight, was quite possible. If} 25. f4 {then} Rc2 (25...
gxf4 26. Qxf4 Qd6 27. Rxc8 Bxc8 28. Nh5 Kf8 {is less clear}) 26. Rxc2 dxc2 27.
Qxc2 gxf4 28. Nf5 Bxf5 29. exf5 Qe3 30. Rd1 Rxd1 31. Qxd1 Kg7 $17 {[%csl Ge3,
Ge5]}) 25. Rxc8 Bxc8 26. Rc1 (26. Rd1 $142) 26... Qd6 $2 {This loses the d3
pawn and leads to a favorable endgame for White.} (26... Qf6 $5 {was correct
preventing both an immediate capture on d3 and Rc1-c3. Still, after} 27. Rd1 (
27. Bxd3 $2 Bxh3 $1 28. gxh3 Ne5 $17) (27. Rc3 $2 Qf4 $1) {it is unclear how
Black can make progress, e.g.} 27... Nf4 (27... b6 28. Bxd3 Ba6 29. e5 $1 Qxe5
30. Qc2 $11) 28. Nf5 {[%cal Rg2g3]} Ne2 (28... Qe5 29. Ne7+ Kh8 30. Nxc8 {
[%cal Yg2g3]}) 29. Qe3 $13 {[%csl Rd3]}) 27. Qxd3 $1 Qxd3 28. Bxd3 Bxh3 29.
gxh3 Rxd3 {[%mdl 4096]} 30. Rc8+ Kh7 (30... Nf8 $5 31. Nf5 f6 $14 {with firm
defense}) 31. Rc7 Ne5 $6 {An inaccurate move eventually leading to a defeat.} (
31... Rd2 32. Rxf7 (32. Nf5 Kg8 $1 33. Kg3 Rxa2 34. Rxb7 Rc2 $11) 32... Kg8 33.
Rxb7 Rxf2+ 34. Kg1 Rxa2 35. Nh5 Kf8 {and Black shouldn't lose}) 32. Re7 Nf3+
33. Kg2 Nh4+ 34. Kf1 Rd1+ 35. Ke2 Ra1 36. a4 Ra2+ 37. Kf1 Ra1+ 38. Ke2 Ra2+ 39.
Ke3 Ng2+ 40. Kf3 Ne1+ 41. Ke3 Ng2+ 42. Kd4 Rxf2 43. Nf5 Kg6 44. Rxb7 $16 {
White's king is more active and his pawns are more advanced so he has good
winning chances although the endgame is extremely complicated. Its detailed
analysis is outside the scope of this publication.} Rf3 $6 (44... a5) 45. h4 (
45. b4 $5 Rxh3 46. Rxa7) 45... a5 46. Rb5 h5 47. b4 $1 axb4 48. a5 Nf4 (48...
Ra3 49. Kc5 b3 50. Kb6) 49. Kc5 Ra3 50. Kb6 Nd3 51. Nd4 Nb2 52. Rxb4 Na4+ 53.
Kc6 Nc3 54. Rb3 Ra4 55. Rxc3 Rxd4 56. a6 Rxe4 57. a7 Ra4 58. Kb6 Rxa7 59. Kxa7
Kf5 60. Rg3 g6 61. Rg5+ Ke4 62. Kb6 f5 63. Kc5 f4 64. Rxg6 1-0

[Event "EU-ch 8th"]
[Site "Dresden"]
[Date "2007.04.12"]
[Round "9"]
[White "Lopez Martinez, Josep Manuel"]
[Black "Khalifman, Alexander"]
[Result "0-1"]
[WhiteElo "2563"]
[BlackElo "2624"]
[Annotator "Rogozenco,D"]
[PlyCount "80"]
[EventDate "2007.04.03"]
[EventType "swiss"]
[EventRounds "11"]
[EventCountry "GER"]
[SourceTitle "CBM 118"]
[Source "ChessBase"]
[SourceDate "2007.05.31"]
[SourceVersion "1"]
[SourceVersionDate "2007.05.31"]
[SourceQuality "1"]

1. e4 c5 2. Nf3 Nc6 3. d4 cxd4 4. Nxd4 Nf6 5. Nc3 e5 6. Ndb5 d6 7. Bg5 a6 8.
Na3 b5 9. Bxf6 gxf6 10. Nd5 f5 11. Bd3 Be6 12. Qh5 Rg8 13. c3 h6 14. g3 fxe4
15. Bxe4 Bg4 16. Qh4 {Once considered good by theory, now this position and
the entire variation is no longer attractive for White. In the present game
Lopez Martinez makes an attempt to improve for White over the existing theory,
but it will turn out that Black has a good position anyway.} Qxh4 $1 {This
move involves a positional exchange sacrifice} (16... Be7 17. Qxh6 Kd7 18. h4
f5 19. Bg2 $16 {1-0 Charbonneau,P-Mikhalevski,V/Internet rapid 2001 (29)}) 17.
gxh4 O-O-O 18. Nf6 $146 {In CBM 98 I wrote that 18.Nf6 needs practical tests
in order to evaluate precisely how strong is Black's compensation. Now we have
it - Black will achieve great play.} (18. Rg1 f5 $1 $15 {0-1 Mastrovasilis,D 
(2493)-Gagunashvili,M (2577)/Athens 2003 (35)}) 18... d5 19. Bg2 ({Not better
is} 19. Nxg8 dxe4 20. Rg1 (20. Nc2 Bf3 (20... h5 $5 $44) 21. Rg1 Kd7 22. Ne3
Ke6 $17) (20. Nf6 $6 Bf3 21. Rg1 Be7 $19) 20... Bf3 {with very strong
compensation} (20... Bxa3 21. bxa3 Rxg8 22. h3)) 19... Bxa3 $1 20. bxa3 Be6 21.
Nxg8 Rxg8 22. Rg1 (22. Bf3 Kc7 {doesn't change the essence of the position too
much: Black has wonderful compensation.}) 22... Kc7 23. O-O-O Kd6 {White has
terrible pawns, which I can hardly even name as a "structure". His major
problem is the lack of any activity.} 24. Bf3 (24. a4 b4 $1 ({After} 24... bxa4
25. Bf3 Rc8 26. Kd2 Na5 27. Rb1 Nc4+ 28. Ke1 {at least White's both rooks are
on the open files.}) 25. cxb4 Nxb4 $17) 24... Rc8 {Black must obviously avoid
the exchange of rooks.} (24... Rxg1 $2 25. Rxg1 {changes completely the
evaluation; White is not worse now. The reason is simple: without his rook
Black cannot attack his opponent's weaknesses.}) 25. Kb2 Na5 $17 26. Rg7 (26.
Be2 Nc4+ 27. Bxc4 Rxc4 $17 {Here it is very clear why Black needs his rook.})
26... Nc4+ 27. Ka1 Nxa3 28. Bh5 {Searcing for at least some activity, but it's
much too late. Besides, this "activity" will bring White new problems.} Rxc3
29. Bxf7 (29. Rdg1 Ke7 $18) 29... Rc7 $1 30. Bxe6 Rxg7 31. Bxd5 Nc2+ 32. Kb1
Nd4 33. Bb3 Rg2 {The rest is simple: Black will have a material and a
positional advantage.} 34. h3 Rxf2 35. Rg1 Nxb3 36. axb3 Kc5 37. Rg6 a5 38.
Rxh6 Kb4 39. Rb6 Rf3 40. Kc2 Rc3+ 0-1

[Event "Bazna Kings 1st"]
[Site "Bazna"]
[Date "2007.06.26"]
[Round "11"]
[White "Khalifman, Alexander"]
[Black "Vaganian, Rafael A"]
[Result "1-0"]
[WhiteElo "2624"]
[BlackElo "2590"]
[PlyCount "41"]
[EventDate "2007.06.16"]
[EventType "tourn"]
[EventRounds "11"]
[EventCountry "ROU"]
[EventCategory "13"]
[SourceTitle "CBM 118 Extra"]
[Source "ChessBase"]
[SourceDate "2007.07.04"]
[SourceVersion "1"]
[SourceVersionDate "2007.07.04"]
[SourceQuality "1"]

1. e4 e6 2. d4 d5 3. Nd2 c5 4. Ngf3 Nc6 5. exd5 exd5 6. Bb5 Bd6 7. dxc5 Bxc5 8.
O-O Nge7 9. Nb3 Bd6 10. Re1 O-O 11. Bd3 h6 12. h3 Nf5 13. c3 Qf6 14. Bc2 Rd8
15. Qd3 g6 16. Nh2 Bxh2+ 17. Kxh2 Nh4 18. Bxh6 Ne5 19. Qg3 Nef3+ 20. gxf3 Nxf3+
21. Kg2 1-0

[Event "EU-ch 9th"]
[Site "Plovdiv"]
[Date "2008.04.26"]
[Round "6"]
[White "Stevic, Hrvoje"]
[Black "Khalifman, Alexander"]
[Result "1/2-1/2"]
[WhiteElo "2571"]
[BlackElo "2628"]
[PlyCount "23"]
[EventDate "2008.04.21"]
[EventType "swiss"]
[EventRounds "11"]
[EventCountry "BUL"]
[SourceTitle "CBM 124"]
[Source "ChessBase"]
[SourceDate "2008.05.28"]
[SourceVersion "1"]
[SourceVersionDate "2008.05.28"]
[SourceQuality "1"]

1. e4 c5 2. c3 Nf6 3. e5 Nd5 4. d4 cxd4 5. Nf3 Nc6 6. cxd4 d6 7. Bc4 Nb6 8. Bb5
dxe5 9. Nxe5 Bd7 10. Nxd7 Qxd7 11. Nc3 e6 12. O-O 1/2-1/2

[Event "EU-ch 10th"]
[Site "Budva"]
[Date "2009.03.16"]
[Round "10"]
[White "Kotanjian, Tigran"]
[Black "Khalifman, Alexander"]
[Result "0-1"]
[WhiteElo "2568"]
[BlackElo "2622"]
[PlyCount "114"]
[EventDate "2009.03.06"]
[EventType "swiss"]
[EventRounds "11"]
[EventCountry "MNE"]
[SourceTitle "CBM 130"]
[Source "ChessBase"]
[SourceDate "2009.05.20"]
[SourceVersion "1"]
[SourceVersionDate "2009.05.20"]
[SourceQuality "1"]

1. d4 Nf6 2. c4 e6 3. Nc3 Bb4 4. Qc2 d5 5. cxd5 exd5 6. Bg5 h6 7. Bh4 c5 8.
dxc5 g5 9. Bg3 Ne4 10. e3 Qa5 11. Nge2 Bf5 12. Be5 O-O 13. Nd4 Nd7 14. Nxf5
Nxe5 15. Ne7+ Kg7 16. Nexd5 Bxc3+ 17. bxc3 Rad8 18. Rd1 Nf6 19. Nxf6 Rxd1+ 20.
Kxd1 Kxf6 21. Be2 Qxc5 22. Kc1 Rc8 23. Kb2 Qb6+ 24. Qb3 Qc6 25. f3 Rd8 26. Rc1
Nd3+ 27. Bxd3 Rxd3 28. e4 Qc5 29. Qxb7 Rd2+ 30. Rc2 Rd6 31. e5+ Qxe5 32. Qxa7
Qb5+ 33. Kc1 Qf1+ 34. Kb2 Qb5+ 35. Kc1 Rb6 36. c4 Qc5 37. Qxb6+ Qxb6 38. c5 Qc6
39. h3 Ke5 40. Re2+ Kd4 41. Rd2+ Ke3 42. Rc2 h5 43. Rc3+ Ke2 44. Rc2+ Ke1 45.
Kb2 f5 46. Rc1+ Kd2 47. Rc2+ Kd3 48. Rc3+ Kd4 49. Rc2 g4 50. hxg4 fxg4 51. fxg4
hxg4 52. Rd2+ Ke3 53. Rc2 Kd4 54. Rd2+ Kc4 55. Rc2+ Kb4 56. Kb1 Qe4 57. c6 Ka3
0-1

[Event "Bayern-chI Bank Hofmann 14th"]
[Site "Bad Wiessee"]
[Date "2010.11.04"]
[Round "7"]
[White "Khalifman, Alexander"]
[Black "Naumann, Alexander"]
[Result "1-0"]
[WhiteElo "2626"]
[BlackElo "2544"]
[Annotator "Gutman,L"]
[PlyCount "55"]
[EventDate "2010.10.30"]
[EventType "swiss"]
[EventRounds "9"]
[EventCountry "GER"]
[SourceTitle "EXT 2011"]
[Source "ChessBase"]
[SourceDate "2010.11.26"]
[SourceVersion "1"]
[SourceVersionDate "2010.11.26"]
[SourceQuality "1"]

1. d4 Nf6 2. c4 e6 3. Nf3 d5 4. Nc3 Bb4 5. g3 O-O 6. Bg2 c5 7. dxc5 Na6 8. O-O
Nxc5 9. Qd4 $1 {Eine wichtige Neuerung.} ({Nach} 9. cxd5 {gleicht 9...} Bxc3 $1
({dies ist stärker als} 9... exd5 10. Qd4 Bxc3 11. Qxc3 Nce4 12. Qa3 Bd7 {
, Gaprindashvili-Peptan, Interzonal Kishinev 1998, wonach} 13. Be3 Re8 14. Rac1
$14 {etwas Plus versprach}) 10. bxc3 exd5 11. Qd4 Nce4 12. Ne5 Re8 13. Bf4 Qe7
14. Nd3 b6 $11 {das Spiel aus.}) 9... Qe7 ({Auch} 9... b6 {reicht nicht zum
Ausgleich wegen} 10. cxd5 Bxc3 11. Qxc3 Nxd5 12. Qd4 Bb7 13. b3 f6 14. Ba3 $14)
10. Be3 ({Einfacher war} 10. Bg5 $5 Bxc3 11. Qxc3 Nce4 12. Bxf6 Nxf6 13. Rac1
$14 {mit besseren Aussichten für Weiß.}) 10... Nce4 11. cxd5 Bxc3 12. d6 Qxd6
13. bxc3 Qxd4 $2 ({Danach ist die Partie nicht mehr zu retten. Notwendig war} 
13... Qc7 {, wenn auch nach} 14. Rac1 Rd8 15. Qb4 e5 16. Ng5 Nxg5 17. Bxg5 Rb8
18. Rfd1 Rxd1+ 19. Rxd1 Be6 20. Bxf6 gxf6 21. Bd5 $14 {Weiß mehr vom Spiel
behält.}) 14. Bxd4 Bd7 15. Ne5 Bb5 16. c4 Ba6 17. Rfc1 Rfc8 18. c5 Bxe2 19. f3
Rd8 20. Bb2 Nd2 21. Rc2 Ne8 22. f4 Rac8 23. Bc1 f6 24. Bxd2 fxe5 25. Bxb7 Bd3
26. Bxc8 Bxc2 27. Bxe6+ Kf8 28. Ba5 1-0

[Event "EU-ch 12th"]
[Site "Aix les Bains"]
[Date "2011.03.22"]
[Round "1"]
[White "Denisov, Ivan"]
[Black "Khalifman, Alexander"]
[Result "1/2-1/2"]
[WhiteElo "2300"]
[BlackElo "2637"]
[PlyCount "58"]
[EventDate "2011.03.22"]
[EventType "swiss"]
[EventRounds "11"]
[EventCountry "FRA"]
[SourceTitle "CBM 142 Extra"]
[Source "ChessBase"]
[SourceDate "2011.06.27"]
[SourceVersion "1"]
[SourceVersionDate "2011.06.27"]
[SourceQuality "1"]
[TimeControl "40/5400+30:1800+30"]

1. e4 Nf6 2. e5 Nd5 3. c4 Nb6 4. d4 d6 5. f4 g6 (5... dxe5 6. fxe5 c5 7. d5 e6
8. Nc3 exd5 9. cxd5 c4 $1 {Une recommandation de Mikenas} 10. Nf3 Bg4 11. Qd4
Bxf3 12. gxf3 Bb4 13. Bxc4 O-O 14. Rg1 g6 15. Bg5 Qc7 16. Bb3 {!!!? Fine} Bc5
17. Qf4 Bxg1 $13) 6. Nc3 Bg7 7. Be3 Be6 (7... O-O 8. c5 $36 N6d7 9. Nf3 b6 10.
cxd6 cxd6 11. h4 Bb7 12. h5 dxe5 13. fxe5 Nc6 14. hxg6 hxg6 15. Qd2 Ndxe5 16.
dxe5 Nxe5 17. Nxe5 Qxd2+ 18. Bxd2 Bxe5 19. O-O-O Rac8 20. Re1 Bf6 21. Rh3 Rfd8
22. g4 {Fernandez Garcia,J (2490)-Korneev, O (2565)/Elgoibar 1996/CBM 057 ext/
1/2-1/2 (41)}) 8. d5 ({RR} 8. Nf3 O-O 9. Qb3 a5 10. Ng5 Bf5 11. c5 a4 12. Qd1
dxc5 13. dxc5 Qxd1+ 14. Rxd1 Nc8 15. Bc4 Nc6 16. O-O h6 17. Nf3 a3 18. b3 N8a7
19. Rd2 Nb4 20. Nd4 Bc8 21. h3 b6 22. Rfd1 g5 {Simon,O (2338)-Degraeve,J (2573)
/Lille 2011/Mega2011 Update 19/1-0 (33)}) 8... Bc8 (8... Bf5 9. c5 dxc5 10.
Bxc5 O-O 11. Nf3 f6 12. e6 $36 {[%csl Rb6,Rf5,Rg7]}) 9. Nf3 O-O $146 ({RR} 9...
Bg4 10. h3 Bxf3 11. Qxf3 dxe5 12. c5 exf4 13. Bb5+ N6d7 14. Qxf4 O-O 15. O-O c6
16. Bc4 Nf6 17. Rad1 Nbd7 18. d6 exd6 19. Qxd6 Qa5 20. Ne4 Rae8 21. Bd2 Qd8 22.
Nxf6+ Nxf6 23. Bg5 Qxd6 24. cxd6 {Zvara, P (2409)-Stocek,J (2559)/Czechia 2009/
EXT 2010/0-1 (53)}) 10. Bd3 e6 $5 (10... Bg4 11. O-O) 11. O-O Na6 12. Be2 exd5
13. cxd5 Bg4 14. Bd4 Nb4 15. Qb3 c5 16. dxc6 Nxc6 17. Bxb6 Qxb6+ 18. Qxb6 axb6
19. exd6 Rfd8 20. Rfd1 Bf8 21. h3 Bxf3 22. Bxf3 Bxd6 23. g3 Bc5+ 24. Kg2 {(=)}
Bd4 25. a3 Bxc3 $1 26. bxc3 Kf8 (26... Rxd1 27. Rxd1 Rxa3 28. Rd7 Rxc3 29. Bd5
{[%csl Rf7]} Rc2+ 30. Kf3 Rc3+ 31. Kg4) 27. Kf2 Rxd1 28. Bxd1 Rd8 29. Be2 Na5
1/2-1/2

[Event "EU-ch 12th"]
[Site "Aix les Bains"]
[Date "2011.03.23"]
[Round "2"]
[White "Khalifman, Alexander"]
[Black "Codenotti, Marco"]
[Result "1/2-1/2"]
[WhiteElo "2637"]
[BlackElo "2262"]
[PlyCount "29"]
[EventDate "2011.03.22"]
[EventType "swiss"]
[EventRounds "11"]
[EventCountry "FRA"]
[SourceTitle "CBM 142 Extra"]
[Source "ChessBase"]
[SourceDate "2011.06.27"]
[SourceVersion "1"]
[SourceVersionDate "2011.06.27"]
[SourceQuality "1"]
[TimeControl "40/5400+30:1800+30"]

1. Nf3 g6 2. c4 Bg7 3. e4 (3. d4 Nf6 4. Nc3 d5) 3... e5 {[%csl Gd4]} 4. d4 (4.
Nc3 $143 Nc6 $11 {[%csl Gd4]}) 4... exd4 $1 5. Nxd4 Nf6 6. Nc3 {[%emt 0:01:32]}
O-O {[%emt 0:01:32]} 7. Be2 Re8 8. f3 c6 (8... d5 {Douteux mais pas facile а
réfuter devant l'échiquier!} 9. cxd5 Nxd5 10. Nxd5 c6 $13) 9. Bg5 Qb6 10. Nb3
d5 11. cxd5 cxd5 12. exd5 {[%emt 0:01:31]} Na6 {[%emt 0:01:28]} 13. Bh4 {
[%emt 0:01:26]} Qb4 $146 {88 La préparation des Noirs et qui a un peu
déstabilisé le GMI qui s'est mis а réfléchir avant de proposer nulle ensuite} (
{RR} 13... Nb4 14. Bf2 Qd8 15. O-O Nbxd5 16. Nxd5 Qxd5 17. Qxd5 Nxd5 18. Bb5
Rd8 19. Rad1 Be6 20. Nd4 a6 21. Nxe6 fxe6 22. Bc4 Rac8 23. Bxd5 Rxd5 24. b3 Rc2
25. Rc1 Rdd2 26. Rxc2 Rxc2 27. a4 Rb2 28. Rc1 {Vitiugov,N (2355)-Danin,A (2219)
/Cherepovets 2001/ EXT 2002/1/2-1/2 (52)}) 14. Bf2 {78"} Nc7 15. O-O {49"
Visiblement, le GMI n'était pas dans un bon jour.} 1/2-1/2